Histoire de la Grande-Bretagne, du Ve siècle à nos jours : Du Ve siècle à nos jours (notice n° 2083977)
[ vue normale ]
| 000 -LEADER | |
|---|---|
| fixed length control field | 00863cam a2200133 4500500 |
| 005 - DATE AND TIME OF LATEST TRANSACTION | |
| control field | 20260405005451.0 |
| 041 ## - LANGUAGE CODE | |
| Language code of text/sound track or separate title | fre |
| 042 ## - AUTHENTICATION CODE | |
| Authentication code | dc |
| 100 10 - MAIN ENTRY--PERSONAL NAME | |
| Personal name | Marx, Roland |
| Relator term | author |
| 245 00 - TITLE STATEMENT | |
| Title | Histoire de la Grande-Bretagne, du Ve siècle à nos jours : Du Ve siècle à nos jours |
| 260 ## - PUBLICATION, DISTRIBUTION, ETC. | |
| Name of publisher, distributor, etc. | Armand Colin,<br/> |
| Date of publication, distribution, etc. | 2016.<br/> |
| 520 ## - SUMMARY, ETC. | |
| Summary, etc. | Comment s’est forgée, au cours de 15 siècles d’histoire, une identité britannique. Institutions et vie politique, structures de la société, évolution de l’économie, options religieuses et grands choix de politique internationale sont analysés dans un cadre chronologique. Pour cette édition, bibliographie réactualisée, et mise à jour du chapitre de 1992 à 1995. |
| 856 41 - ELECTRONIC LOCATION AND ACCESS | |
| Uniform Resource Identifier | <a href="https://shs.cairn.info/histoire-de-la-grande-bretagne-du-ve-siecle-a-nos-jours--9782200217051?lang=fr&redirect-ssocas=7080">https://shs.cairn.info/histoire-de-la-grande-bretagne-du-ve-siecle-a-nos-jours--9782200217051?lang=fr&redirect-ssocas=7080</a> |
Pas d'exemplaire disponible.




Réseaux sociaux